[Event "Swiss Queens Wed #13"]
[Site "FIDE Online Arena INT"]
[Date "2024.04.24"]
[Round "4"]
[White "Gade, Sharanya"]
[Black "Ram, Jwalanthi"]
[Result "1-0"]
[WhiteElo "1728"]
[BlackElo "1816"]
[PlyCount "59"]
[EventDate "2024.04.24"]
[EventType "swiss (blitz)"]
[EventRounds "11"]
[EventCountry "NET"]
[SourceTitle "CB18_2024"]
[SourceDate "2024.05.01"]
[SourceVersion "1"]
[SourceVersionDate "2024.05.01"]
[SourceQuality "2"]

1. d4 Nf6 2. c4 e6 3. Nc3 Bb4 4. Qc2 0-0 5. e4 d6 6. e5 dxe5 7. dxe5 Ne8 8. f4 Nc6 9. Be3 Nd4 10. Qd2 Nc6 11. Qc2 f5 12. exf6 Qxf6 13. 0-0-0 Bxc3 14. bxc3 Nd6 15. Bd3 g6 16. Nf3 Nf5 17. Bc5 Re8 18. Rhf1 b6 19. Bf2 Bb7 20. g4 Nd6 21. Kb1 a6 22. Nh4 b5 23. c5 Nf7 24. g5 Qg7 25. Be4 Rad8 26. Nf3 b4 27. Nd4 Nxd4 28. Bxd4 Bxe4 29. Qxe4 e5 30. fxe5 1-0

[Event "Titled Tuesday intern op 16th Apr Early"]
[Site "Chess.com INT"]
[Date "2024.04.16"]
[Round "9"]
[White "Bobomurodova, Maftuna"]
[Black "Ram, Jwalanthi"]
[Result "1-0"]
[WhiteElo "2008"]
[BlackElo "1816"]
[PlyCount "129"]
[EventDate "2024.04.16"]
[EventType "swiss (blitz)"]
[EventRounds "11"]
[EventCountry "USA"]
[SourceTitle "CB17_2024"]
[SourceDate "2024.04.24"]
[SourceVersion "1"]
[SourceVersionDate "2024.04.24"]
[SourceQuality "1"]

1. e4 c5 2. Nf3 Nc6 3. d4 cxd4 4. Nxd4 Nf6 5. Nc3 e5 6. Ndb5 d6 7. Bg5 a6 8. Na3 b5 9. Nd5 Be7 10. Bxf6 Bxf6 11. c4 b4 12. Nc2 0-0 13. g3 a5 14. h4 Be7 15. Bg2 Rb8 16. b3 Kh8 17. 0-0 f5 18. Qd3 f4 19. Rad1 fxg3 20. fxg3 Bg4 21. Rde1 Qd7 22. Nce3 Be6 23. Nc2 Rbd8 24. Rxf8+ Rxf8 25. Rf1 Rxf1+ 26. Qxf1 h6 27. Qf2 Bh3 28. Qb6 Bxg2 29. Kxg2 Bd8 30. Qf2 Qe6 31. Nde3 Nd4 32. Qd2 Nxc2 33. Qxc2 Bb6 34. Nd5 Bd4 35. Qe2 Qf7 36. Qf3 Qxf3+ 37. Kxf3 Kg8 38. Kg4 Kf7 39. h5 g6 40. hxg6+ Kxg6 41. Ne7+ Kf6 42. Nc6 Bb6 43. Nb8 Ke7 44. Kf5 Bc7 45. Nc6+ Kd7 46. Na7 Bb6 47. Nb5 Kc6 48. Ke6 Bc5 49. g4 Kb6 50. Nxd6 Kc6 51. Nf7 Bd4 52. Nxe5+ Bxe5 53. Kxe5 Kd7 54. Kd5 Ke7 55. c5 Kf6 56. c6 Kg5 57. c7 Kxg4 58. c8Q+ Kg5 59. Qg8+ Kh4 60. e5 h5 61. e6 Kh3 62. e7 h4 63. e8Q Kh2 64. Qe2+ Kh3 65. Qgg4# 1-0

[Event "Titled Tuesday intern op 16th Apr Early"]
[Site "Chess.com INT"]
[Date "2024.04.16"]
[Round "2"]
[White "Jovic, Stanoje"]
[Black "Ram, Jwalanthi"]
[Result "1-0"]
[WhiteElo "2097"]
[BlackElo "1816"]
[PlyCount "111"]
[EventDate "2024.04.16"]
[EventType "swiss (blitz)"]
[EventRounds "11"]
[EventCountry "USA"]
[SourceTitle "CB17_2024"]
[SourceDate "2024.04.24"]
[SourceVersion "1"]
[SourceVersionDate "2024.04.24"]
[SourceQuality "1"]

1. c4 e5 2. g3 c6 3. Nf3 e4 4. Nd4 d5 5. cxd5 cxd5 6. d3 exd3 7. Qxd3 Nc6 8. Bg2 Nf6 9. Nc3 Bc5 10. Nb3 Bb4 11. 0-0 Bxc3 12. Qxc3 0-0 13. Bg5 d4 14. Qc5 Be6 15. Rfd1 Rc8 16. Nxd4 Nxd4 17. Qxd4 Qxd4 18. Rxd4 Rfd8 19. Rxd8+ Rxd8 20. b3 h6 21. Bxf6 gxf6 22. Bxb7 Rd2 23. Ba6 Bh3 24. f4 Kg7 25. Bd3 Kf8 26. Kf2 Ke7 27. Ke3 Rb2 28. Kd4 Bf5 29. Kc3 Bxd3 30. Kxb2 Be4 31. Rc1 Kd6 32. Rc4 f5 33. Ra4 Kd5 34. Kc3 Bg2 35. Rxa7 Bf1 36. Kd3 Bg2 37. Rxf7 Ke6 38. Rh7 Kd5 39. Rxh6 Be4+ 40. Ke3 Bb1 41. Ra6 Bxa2 42. Rxa2 Kc5 43. h4 Kb4 44. Rd2 Kxb3 45. h5 Kc3 46. h6 Kc4 47. h7 Kb4 48. h8Q Kb3 49. Qb8+ Kc3 50. Qc7+ Kb3 51. Qb6+ Kc3 52. Qc5+ Kb3 53. Qd5+ Kc3 54. Qd4+ Kb3 55. Rb2+ Ka3 56. Qb4# 1-0

[Event "Titled Tuesday intern op 16th Apr Early"]
[Site "Chess.com INT"]
[Date "2024.04.16"]
[Round "6"]
[White "Ram, Jwalanthi"]
[Black "Golubovic, Erik"]
[Result "0-1"]
[WhiteElo "1816"]
[BlackElo "2084"]
[PlyCount "52"]
[EventDate "2024.04.16"]
[EventType "swiss (blitz)"]
[EventRounds "11"]
[EventCountry "USA"]
[SourceTitle "CB17_2024"]
[SourceDate "2024.04.24"]
[SourceVersion "1"]
[SourceVersionDate "2024.04.24"]
[SourceQuality "1"]

1. c4 Nf6 2. Nc3 c5 3. g3 e6 4. Bg2 d5 5. cxd5 exd5 6. d3 Nc6 7. Nf3 Be7 8. 0-0 0-0 9. Bg5 Be6 10. d4 cxd4 11. Nxd4 h6 12. Bxf6 Bxf6 13. e3 Re8 14. Qd2 Qb6 15. Rad1 Rad8 16. Nce2 Bg4 17. b3 Nxd4 18. Nxd4 Bxd1 19. Rxd1 a6 20. Nf5 d4 21. Nxd4 Re7 22. h3 Red7 23. Kh2 Bxd4 24. exd4 Rxd4 25. Qe2 Rxd1 26. Qe7 R1d7 0-1

[Event "Titled Tuesday intern op 02nd Apr Early"]
[Site "Chess.com INT"]
[Date "2024.04.02"]
[Round "10"]
[White "Kriti, Mayur Patel"]
[Black "Ram, Jwalanthi"]
[Result "0-1"]
[WhiteElo "1787"]
[BlackElo "1816"]
[PlyCount "104"]
[EventDate "2024.04.02"]
[EventType "swiss (blitz)"]
[EventRounds "11"]
[EventCountry "USA"]
[SourceTitle "CB15_2024"]
[SourceDate "2024.04.10"]
[SourceVersion "1"]
[SourceVersionDate "2024.04.10"]
[SourceQuality "1"]

1. e4 c5 2. d4 cxd4 3. c3 dxc3 4. Nxc3 Nc6 5. Nf3 e6 6. Bc4 Bb4 7. 0-0 Nge7 8. Qe2 Bxc3 9. bxc3 0-0 10. Rd1 d5 11. exd5 exd5 12. Ba3 Be6 13. Ng5 Qc8 14. Bxd5 Nxd5 15. Bxf8 Kxf8 16. Qf3 Nf6 17. Rd6 h6 18. Nxe6+ fxe6 19. Re1 Nd8 20. h3 Qc7 21. Red1 Nf7 22. Rxe6 Ng5 23. Rxf6+ gxf6 24. Qxf6+ Nf7 25. Rd3 Qe5 26. Qf3 Qe1+ 27. Kh2 Qe5+ 28. g3 Qe7 29. Qf5 Rd8 30. Re3 Qg5 31. Qf3 Re8 32. Rd3 Kg7 33. Qxb7 Re7 34. Qf3 Ne5 35. Qe2 Nxd3 36. Qxd3 Qe5 37. c4 Qe4 38. Qc3+ Qe5 39. Qb4 Qf6 40. c5 Re2 41. Qf4 Qxf4 42. gxf4 Rxf2+ 43. Kg3 Rxa2 44. c6 Rc2 45. c7 Rxc7 46. Kg4 a5 47. Kh5 a4 48. h4 a3 49. f5 a2 50. f6+ Kxf6 51. Kxh6 a1Q 52. h5 Qc1# 0-1

[Event "Titled Tuesday intern op 02nd Apr Early"]
[Site "Chess.com INT"]
[Date "2024.04.02"]
[Round "11"]
[White "Ram, Jwalanthi"]
[Black "Fayard, Alain"]
[Result "0-1"]
[WhiteElo "1816"]
[BlackElo "2127"]
[PlyCount "118"]
[EventDate "2024.04.02"]
[EventType "swiss (blitz)"]
[EventRounds "11"]
[EventCountry "USA"]
[SourceTitle "CB15_2024"]
[SourceDate "2024.04.10"]
[SourceVersion "1"]
[SourceVersionDate "2024.04.10"]
[SourceQuality "1"]

1. c4 e5 2. Nc3 Nf6 3. g3 Nc6 4. Bg2 Bb4 5. Nf3 0-0 6. 0-0 e4 7. Ng5 Bxc3 8. dxc3 Re8 9. f3 exf3 10. Nxf3 h6 11. Bf4 d6 12. Nd4 Ne5 13. b3 c6 14. Nf3 Qe7 15. h3 Bf5 16. Nxe5 dxe5 17. Bxh6 Bxh3 18. Bxg7 Nh5 19. Bxh3 Qg5 20. Rf2 Kxg7 21. Qd7 Re7 22. Qf5 Qxf5 23. Rxf5 Nf6 24. Raf1 Ne4 25. Kh2 Rh8 26. Kg2 Nxc3 27. Rg5+ Kf8 28. Bg4 Ne4 29. Rgf5 Rg8 30. Bh5 Rxg3+ 31. Kh2 Rg7 32. Bf3 Nd6 33. Rh5 f5 34. Bg2 Rh7 35. Rxh7 Rxh7+ 36. Bh3 Ke7 37. Kg2 Kf6 38. e4 f4 39. Re1 Rg7+ 40. Kf3 Rg3+ 41. Kf2 Rxh3 42. Rg1 Rh2+ 43. Kf3 Rh3+ 44. Kg4 Rg3+ 45. Rxg3 fxg3 46. Kxg3 Nxe4+ 47. Kf3 Nc3 48. Ke3 Nxa2 49. Ke4 Nc1 50. Ke3 Nxb3 51. Ke4 Nc5+ 52. Ke3 a5 53. Kf3 a4 54. Ke3 a3 55. Kf3 a2 56. Ke3 a1Q 57. Kf3 Qc3+ 58. Kg4 Ne4 59. Kh5 Qh3# 0-1

[Event "Swiss Queens Wed #7"]
[Site "FIDE Online Arena INT"]
[Date "2024.03.13"]
[Round "5"]
[White "Priyanka, Nutakki"]
[Black "Ram, Jwalanthi"]
[Result "1-0"]
[WhiteElo "2272"]
[BlackElo "1818"]
[PlyCount "65"]
[EventDate "2024.03.13"]
[EventType "swiss (blitz)"]
[EventRounds "11"]
[EventCountry "NET"]
[SourceTitle "CB12_2024"]
[SourceDate "2023.10.01"]
[SourceVersion "1"]
[SourceVersionDate "2023.10.01"]
[SourceQuality "1"]

1. Nf3 d5 2. b3 Nc6 3. Bb2 Nf6 4. e3 Bg4 5. Bb5 Qd7 6. d4 e6 7. Nbd2 Bd6 8. h3 Bxf3 9. Nxf3 a6 10. Be2 0-0 11. 0-0 Rfe8 12. Ne5 Qe7 13. c4 Bxe5 14. dxe5 Ne4 15. cxd5 Rad8 16. d6 cxd6 17. Qc2 d5 18. Bf3 Nb4 19. Qe2 Nc5 20. a3 Nc6 21. b4 Nd7 22. g3 Ndxe5 23. Bg2 Nc4 24. Bc3 b5 25. a4 d4 26. Bxc6 dxc3 27. Bxe8 Qxe8 28. axb5 Qxb5 29. Rfd1 Rd2 30. Qf3 Rxd1+ 31. Rxd1 g6 32. Qf6 Qe8 33. Rd8 1-0

[Event "Swiss Queens Wed #7"]
[Site "FIDE Online Arena INT"]
[Date "2024.03.13"]
[Round "8"]
[White "Ram, Jwalanthi"]
[Black "Maltsevskaya, Aleksandra"]
[Result "0-1"]
[WhiteElo "1818"]
[BlackElo "2374"]
[PlyCount "88"]
[EventDate "2024.03.13"]
[EventType "swiss (blitz)"]
[EventRounds "11"]
[EventCountry "NET"]
[SourceTitle "CB12_2024"]
[SourceDate "2023.10.01"]
[SourceVersion "1"]
[SourceVersionDate "2023.10.01"]
[SourceQuality "1"]

1. c4 Nf6 2. Nc3 g6 3. g3 d6 4. Bg2 Bg7 5. e4 0-0 6. Nge2 c5 7. d3 Nc6 8. 0-0 a6 9. h3 Bd7 10. Be3 Rb8 11. a4 Nb4 12. Qd2 b5 13. axb5 axb5 14. b3 Qc8 15. Rfb1 bxc4 16. bxc4 Bxh3 17. Nf4 Bxg2 18. Kxg2 e5 19. Nfd5 Nfxd5 20. Nxd5 Nxd5 21. cxd5 Rxb1 22. Rxb1 f5 23. Bh6 fxe4 24. Bxg7 Kxg7 25. Rh1 h5 26. dxe4 Qg4 27. Qe3 Rf7 28. Rh4 Qd1 29. Rh1 Qd4 30. Qe2 c4 31. Rc1 c3 32. Qe3 Rc7 33. Kf1 Qc4+ 34. Qe2 c2 35. Qxc4 Rxc4 36. f3 Rc3 37. Ke2 g5 38. Kf2 Kf6 39. Ke2 g4 40. fxg4 hxg4 41. Kf2 Rc4 42. Ke3 Rc3+ 43. Kf2 Kg5 44. Kg2 Rc4 0-1

[Event "Swiss Queens Wed #7"]
[Site "FIDE Online Arena INT"]
[Date "2024.03.13"]
[Round "7"]
[White "Tripurambika, V."]
[Black "Ram, Jwalanthi"]
[Result "0-1"]
[WhiteElo "1626"]
[BlackElo "1818"]
[PlyCount "158"]
[EventDate "2024.03.13"]
[EventType "swiss (blitz)"]
[EventRounds "11"]
[EventCountry "NET"]
[SourceTitle "CB12_2024"]
[SourceDate "2023.10.01"]
[SourceVersion "1"]
[SourceVersionDate "2023.10.01"]
[SourceQuality "1"]

1. d4 Nf6 2. Nc3 d5 3. Bf4 e6 4. e3 Bb4 5. Bd3 Nbd7 6. Nf3 0-0 7. 0-0 h6 8. Nb5 Ne8 9. a3 Be7 10. c4 a6 11. Nc3 dxc4 12. Bxc4 Bd6 13. Ne2 b5 14. Bd3 Bb7 15. e4 Bxf4 16. Nxf4 Nd6 17. Qc2 Qf6 18. Ne2 Qd8 19. Kh1 Rc8 20. b4 Ne8 21. Ng3 Nef6 22. Rfe1 Re8 23. Rac1 Qe7 24. Qe2 Nb6 25. Rc2 Red8 26. Rec1 Ne8 27. Qe3 Nd6 28. Ne5 Qf6 29. f3 Qe7 30. Be2 f6 31. Ng4 Ndc4 32. Bxc4 Nxc4 33. Qd3 Qf7 34. Ne3 Nxe3 35. Qxe3 Qd7 36. Rd1 c6 37. Rc5 Qe7 38. Qc3 Rd6 39. Ne2 Rcd8 40. Nc1 e5 41. d5 cxd5 42. Rc7 R6d7 43. Rxd7 Rxd7 44. exd5 Bxd5 45. Ne2 Be6 46. Rc1 Kh7 47. Qc2+ g6 48. Ng3 Kg7 49. h3 Qf7 50. Ne4 Bc4 51. Rd1 Rxd1+ 52. Qxd1 Qd5 53. Qxd5 Bxd5 54. Nc5 Bc4 55. Nxa6 Kf7 56. Nc5 Ke7 57. Kg1 Kd6 58. Kf2 Kd5 59. Ke3 f5 60. Nd7 Ke6 61. Nf8+ Kf7 62. Nd7 Ke6 63. Nc5+ Kd5 64. g4 f4+ 65. Kd2 Kd4 66. Ne6+ Bxe6 67. Ke2 Bd5 68. Kf2 Kc4 69. h4 Kb3 70. h5 gxh5 71. g5 hxg5 72. Kg2 g4 73. Kh2 Bxf3 74. Kg1 g3 75. Kf1 h4 76. Kg1 h3 77. Kf1 h2 78. Ke1 h1Q+ 79. Kd2 Qd1# 0-1